000 01467nam a2200217Ia 4500
003 Ost
005 20260507075617.0
008 260507s9999||||xx |||||||||||||| ||und||
020 _a9789961020265
040 _cfsecg
041 _aara
082 _a382
100 _aحاجي، فطيمة
_eمؤلف
245 0 _aالمدخل الى تمويل التجارة الخارجية /
_c فطيمة حاجي
260 _aالجزائر:
_bديوان المطبوعات الجامعية,
_c2017
300 _a212 صفحة؛
_bإيضاحات ؛
_c22 سم
504 _aمراجع ص.193 ملاحق ص.205
520 _aيدرس هذا الكتاب تمويل التجارة الخارجية، وتحديدا تقنيات وأدوات الدفع المستخدمة في التجارة الدولية، كما يهدف الكتاب كذلك إلى ابراز مواضيع متعلقة بالتجارة الدولية كالضمانات الدولية، وتأمين التجارة الدولية، بالإضافة الى التفاوض التجاري الدولي، خاصة في ظل التحولات الجديدة والتطورات الحالية والمستقبلية للتجارة الدولية ، ويجيب الكتاب أيضا عن بعض الأسئلة من شكيلة: ما المقصود بالتمويل الدولي؟ ما أهمية التجارة الدولية؟
653 _aالتجارة الخارجية - تمويل
942 _cكتاب
999 _c45119
_d45119